Estética del la creación verbal /

Guardado en:
Autor Principal: Bajtin, M. M.
Formato: Libro
Publicado: México : Siglo Veintiuno, 1998
Edición:8a. ed.
Etiquetas: Agregar Etiqueta
Sin Etiquetas, Sea el primero en etiquetar este registro!
LEADER 00424nam a22001575a 4500
001 CEM.cems009893
005 20060214000000.0
008 130507s1998##################000#0#####d
003 CEMS
082 0 4 |a 808 
100 1 |a Bajtin, M. M. 
245 1 0 |a Estética del la creación verbal / 
250 |a 8a. ed. 
260 |a México :  |b Siglo Veintiuno,  |c 1998 
300 |a 396 p. 
859 |a CEMS  |b BIB. CEMS - 11 de abril  |h 808  |i B168  |p 20192.99  |t Ej.1